Svetový trh stavebných prác s osobitným zameraním na Stredný východ záverečná práca postgraduálneho štúdia

Gespeichert in:
Bibliographische Detailangaben
1. Verfasser: Brečka, Eugen
Körperschaft: Vysoká škola ekonomická v Bratislave
Weitere Verfasser: Kosír, Igor
Format: Buch
Sprache:Tschechisch
Veröffentlicht: Bratislava 1988
Tags: Tag hinzufügen
Keine Tags, Fügen Sie das erste Tag hinzu!

MARC

LEADER 00000nam a2200000 4500
001 c025690
005 20260108081517.3
041 0 |a cze 
044 |a SK 
245 1 0 |a Svetový trh stavebných prác s osobitným zameraním na Stredný východ  |b záverečná práca postgraduálneho štúdia  |c Eugen Brečka ; ved. práce Igor Kosír 
264 1 |a Bratislava  |c 1988 
300 |a 43 s. 
100 1 |a Brečka, Eugen 
700 1 |a Kosír, Igor 
710 2 |a Vysoká škola ekonomická v Bratislave